00369cam a2200157ua 45000010005000000080039000050400009000440820013000531000035000662450032001012500009001332600029001423000013001716530019001846530008002033433111111n ii |||gr||||Z||||||asm cMAIN a891.4513 aKalita, Satya Ranjan,eAuthor.11aSpycby Satya Ranjan Kalita a3rd. aKolkata:bEducation,976. a86p:5cm. aAssamese novel aSpy